MARC

LEADER 00000nam0a2200000 4500
001 292761
005 20231102000528.0
035 |a (RuTPU)RU\TPU\book\317397 
090 |a 292761 
100 |a 20150424d1984 km y0rusy50 ca 
101 0 |a rus 
102 |a RU 
105 |a y z 001zy 
200 1 |a Янтарь 
210 |a Москва  |c Наука  |d 1984 
215 |a 112 с. 
225 1 |a Человек и окружающая среда 
320 |a Библиогр.: с. 107-108 
606 1 |a Янтарь  |x Минералогия  |2 stltpush  |3 (RuTPU)RU\TPU\subj\72337  |9 85898 
610 1 |a самоцветы 
610 1 |a свойства 
610 1 |a образование 
610 1 |a добыча 
610 1 |a обработка 
610 1 |a использование 
610 1 |a народное хозяйство 
675 |a 549.8  |v 3 
700 1 |a Сребродольский  |b Б. И.  |g Борис Иванович 
712 0 2 |a Академия наук СССР (АН СССР)  |c (Ленинград/Москва)  |c (1925-1991)  |2 stltpush  |3 (RuTPU)RU\TPU\col\722 
801 1 |a RU  |b 63413507  |c 20150424 
801 2 |a RU  |b 63413507  |c 20181009  |g RCR 
942 |c BK